Bild und Blick in Manets Malerei

Gespeichert in:
Bibliographische Detailangaben
VerfasserIn: Lüthy, Michael (VerfasserIn)
Mitwirkende: Manet, Edouard (KünstlerIn)
Dokumenttyp: Hochschulschrift Buch
Sprache:German
Veröffentlicht: Berlin : Gebr. Mann Velag , [2003]
Schriftenreihe:Berliner Schriften zur Kunst Band 17
Schlagwörter:
Online Zugang:Inhaltsverzeichnis
Rezension
Rezension
Rezension
Bibliogr. Hinweis:Rezensiert in: [Rezension von: Michael Lüthy, Bild und Blick in Manets Malerei]
Verantwortlich:Michael Lüthy
LEADER 04551cam a2201009 c 4500
001 360778747
003 DE-627
005 20260611225541.0
007 tu
008 030219s2003 gw ||||| m 00| ||ger c
015 |a 03,N13,1669  |2 dnb 
015 |a 04,H03,2915  |2 dnb 
016 7 |a 96646060X  |2 DE-101 
020 |a 3786118973  |q Ln. : Eur 65,00, sFr 108,00  |9 3-7861-1897-3 
035 |a (DE-627)360778747 
035 |a (DE-603)112700136 
035 |a (DE-576)10267695X 
035 |a (DE-599)GBV360778747 
035 |a (OCoLC)722994762 
035 |a (OCoLC)938727339 
035 |a (OCoLC)53903375 
035 |a (OCoLC)237811684 
035 |a (JUB)b10334506 
040 |a DE-627  |b ger  |c DE-627  |e rda 
041 |a ger 
044 |c XA-DE 
050 0 |a ND553.M3 
082 0 4 |a 750 
084 |a 750  |2 sdnb 
084 |a 9,10  |2 ssgn 
084 |a LI 56030  |2 rvk  |0 (DE-625)rvk/96559: 
084 |a 20.31  |2 bkl 
084 |a 21.02  |2 bkl 
100 1 |a Lüthy, Michael  |d 1966-  |e VerfasserIn  |0 (DE-588)113886632  |0 (DE-627)513940073  |0 (DE-576)289778182  |4 aut 
245 1 0 |a Bild und Blick in Manets Malerei  |c Michael Lüthy 
264 1 |a Berlin  |b Gebr. Mann Velag  |c [2003] 
264 4 |c © 2003 
300 |a 261 Seiten  |b Illustrationen  |c 25 cm 
336 |a Text  |b txt  |2 rdacontent 
337 |a ohne Hilfsmittel zu benutzen  |b n  |2 rdamedia 
338 |a Band  |b nc  |2 rdacarrier 
490 1 |a Berliner Schriften zur Kunst  |v Band 17 
500 |a Literaturverzeichnis S. [237] - 250 
502 |b Dissertation  |c Universität Basel  |d 2000 
583 1 |a Archivierung/Langzeitarchivierung gewährleistet  |f SSG  |x XA-DE-BW  |2 pdager  |5 DE-16 
600 1 0 |a Manet, Edouard  |x Criticism and interpretation 
650 0 |a Gaze in art 
655 7 |a Hochschulschrift  |0 (DE-588)4113937-9  |0 (DE-627)105825778  |0 (DE-576)209480580  |2 gnd-content 
689 0 0 |d p  |0 (DE-588)11857700X  |0 (DE-627)079371973  |0 (DE-576)162116357  |a Manet, Edouard  |d 1832-1883  |2 gnd 
689 0 1 |d s  |0 (DE-588)4037220-0  |0 (DE-627)10623871X  |0 (DE-576)209022892  |a Malerei  |2 gnd 
689 0 2 |d s  |0 (DE-588)4145393-1  |0 (DE-627)105591300  |0 (DE-576)209741112  |a Bildaufbau  |2 gnd 
689 0 |5 DE-101 
689 1 0 |d p  |0 (DE-588)11857700X  |0 (DE-627)079371973  |0 (DE-576)162116357  |a Manet, Edouard  |d 1832-1883  |2 gnd 
689 1 1 |d s  |0 (DE-588)4037220-0  |0 (DE-627)10623871X  |0 (DE-576)209022892  |a Malerei  |2 gnd 
689 1 2 |d s  |0 (DE-588)4413217-7  |0 (DE-627)212357565  |0 (DE-576)21219027X  |a Blick  |g Motiv  |2 gnd 
689 1 |5 DE-101 
689 2 0 |d p  |0 (DE-588)11857700X  |0 (DE-627)079371973  |0 (DE-576)162116357  |a Manet, Edouard  |d 1832-1883  |2 gnd 
689 2 1 |d s  |0 (DE-588)4037220-0  |0 (DE-627)10623871X  |0 (DE-576)209022892  |a Malerei  |2 gnd 
689 2 2 |d s  |0 (DE-588)4145393-1  |0 (DE-627)105591300  |0 (DE-576)209741112  |a Bildaufbau  |2 gnd 
689 2 3 |d s  |0 (DE-588)4413217-7  |0 (DE-627)212357565  |0 (DE-576)21219027X  |a Blick  |g Motiv  |2 gnd 
689 2 |5 (DE-627) 
700 1 |a Manet, Edouard  |d 1832-1883  |e KünstlerIn  |0 (DE-588)11857700X  |0 (DE-627)079371973  |0 (DE-576)162116357  |4 art 
751 |a Basel  |0 (DE-588)4004617-5  |0 (DE-627)10638497X  |0 (DE-576)208856919  |4 uvp 
787 0 8 |i Rezensiert in  |a Wolf, Norbert, 1949 -   |t [Rezension von: Michael Lüthy, Bild und Blick in Manets Malerei]  |d 2004  |w (DE-627)1919823263 
830 0 |a Berliner Schriften zur Kunst  |v Band 17  |9 17  |w (DE-627)372430317  |w (DE-576)026544733  |w (DE-600)2125001-7  |x 1861-9460  |7 am 
856 4 2 |u http://www.gbv.de/dms/weimar/toc/360778747_toc.pdf  |m V:DE-601  |m B:DE-Wim2  |q application/pdf  |x Verlag  |y Inhaltsverzeichnis  |3 Inhaltsverzeichnis  |7 1 
856 4 2 |u https://swbplus.bsz-bw.de/bsz10267695xrez.htm  |m V:DE-576  |v 2005-06-07  |3 Rezension  |7 1 
856 4 2 |u http://www.sehepunkte.de/2004/03/4644.html  |m V:DE-576;X:Sehepunkte  |q text/html  |v 20180424122851  |3 Rezension  |7 1 
856 4 2 |u http://scans.hebis.de/HEBCGI/show.pl?11270013_rez.pdf  |m V:DE-576  |q application/pdf  |3 Rezension  |7 1 
935 |i Blocktest 
936 r v |a LI 56030  |b Manet, Edouard  |k Kunstgeschichte  |k Künstler-Monografien  |k Alphabetische Künstlerliste  |k Künstler M  |k Manet, Edouard  |0 (DE-627)1271135558  |0 (DE-625)rvk/96559:  |0 (DE-576)201135558 
936 b k |a 20.31  |j Bildende Künstler  |0 (DE-627)181571080 
936 b k |a 21.02  |j Geschichte der Malerei  |0 (DE-627)106406698 
936 s n |a l300  |2 mzub 
951 |a BO 
990 |a Manet, Edouard 
990 |a Malerei 
990 |a Bildaufbau 
990 |a Manet, Edouard 
990 |a Malerei 
990 |a Blick 
990 |a Manet, Edouard 
990 |a Malerei 
990 |a Bildaufbau 
990 |a Blick 
991 |a Rezensiertes Werk 
999 |a KXP-PPN360778747  |e 4988416798